Largest U.S. Cities with Unique Names - Statistics

General Stats
  • This quiz has been taken 21 times
  • The average score is 22 of 30
Answer Stats
State Population Answer % Correct
NM 560,326 Albuquerque
100%
IL 2,721,308 Chicago
100%
IN 891,484 Indianapolis
100%
NY 8,478,072 New York
100%
OK 712,919 Oklahoma City
100%
AZ 554,013 Tucson
100%
WA 780,995 Seattle
95%
TX 1,008,106 Fort Worth
90%
CA 827,526 San Francisco
90%
VA 454,808 Virginia Beach
90%
CO 493,554 Colorado Springs
85%
LA 362,701 New Orleans
85%
KS 400,991 Wichita
85%
HI 344,967 Honolulu
80%
OK 415,154 Tulsa
80%
TX 317,317 Corpus Christi
75%
NJ 302,824 Jersey City
70%
PA 307,668 Pittsburgh
70%
ID 237,963 Boise
65%
IN 273,203 Fort Wayne
60%
FL 235,388 Hialeah
60%
NV 294,034 North Las Vegas
60%
CA 344,561 Anaheim
55%
FL 233,025 Cape Coral
55%
AZ 246,170 Scottsdale
55%
TX 272,086 Lubbock
50%
NC 255,769 Winston-Salem
50%
FL 258,575 Port St. Lucie
45%
CA 316,184 Santa Ana
45%
CA 229,159 Santa Clarita
25%
No matching quizzes found
Score Distribution
Percent of People with Each Score
Percentile by Number Answered
Your Score History
You have not taken this quiz